00781nam a22001097a 4500040000800000082002700008100004200035245052500077260002600602300002300628856002000651 cRUA aAED CHO 2018 B650 Or.1 aCHOR SIEKLEANG ជ សៀកលាង athe study on impact of payment for enveriomental services on human migartion in northen plain landscape protect area of preah vihear province ការសិក្សារពីផលប៉ះពាល់នៃការទួទាត់សេវាកម្មបរិស្តានទៅលើធ្វើចំណាកស្រុករបស់ប្រជាជនដែលរស់នៅក្នុងតំបន់ការពារទេសភាពខាងជើងខេត្តព្រះវិហា aRUAbPhnom penhc2018 axi;47pbill;c29cm u CHOR SIEKLEANG